| 000 | 00388nam a2200169Ia 4500 | ||
|---|---|---|---|
| 999 |
_c11005 _d11005 |
||
| 003 | OSt | ||
| 008 | 191201s2012 xx 000 0 und d | ||
| 020 | _a9789353387273 | ||
| 082 |
_a658.083 _bSHB |
||
| 100 | _aSharma, J K | ||
| 245 | 0 | _aBusiness Statistics | |
| 250 | _a5th Rep | ||
| 260 |
_aNew Delhi _bVikas Pub. House _c2021 |
||
| 300 | _a759 | ||
| 650 | _aMBA | ||
| 942 |
_2ddc _cBK _03 |
||